Au bord du / (Registro nro. 11872)
[ vista simple ]
| 000 -LIDER | |
|---|---|
| fixed length control field | 00652nam a22002417a 4500 |
| 001 - NÚMERO DE CONTROL | |
| Identificador de número de control | 0011750 |
| 003 - IDENTIFICACDOR DE NÚMERO DE CONTROL | |
| control field | DO-SdBNP |
| 005 - DATE AND TIME OF LATEST TRANSACTION | |
| control field | 20161109094216.0 |
| 007 - CAMPOS FIJOS DE DESCRIPCIÓN FÍSICA | |
| fixed length control field | 0011750 |
| 008 - ELEMENTOS DE LONGITUD FIJA | |
| fixed length control field | 161109b 19uu fr||||| |||| 00| 0 spa d |
| 020 ## - ISBN | |
| International Standard Book Number | 9782800628332 |
| 040 ## - FUENTE DE CATALOGACIÓN | |
| Agencia que crea de manera original el registro | BPMSU |
| Idioma de catalogación | spa |
| Agencia que realiza la transcripción | BPMSU |
| 041 ## - CÓDIGOS DE OBRAS TRADUCIDAS O EN VARIOS IDIOMAS | |
| Código del idioma del texto/archivo de sonido o separata | fre |
| 082 ## - NÚMERO DE CLASIFICACIÓN DECIMAL DE DEWEY | |
| Classification number | xxxxxxxxx |
| Item number | xxxxxxxx |
| 100 1# - ASIENTO PRINCIPAL -- NOMBRE PERSONAL | |
| Nombre personal | Bilstein, Thomas |
| 245 1# - MENCIÓN DE TITULO | |
| Título | Au bord du / |
| Mención de responsabilidad | Thomas-Bilstein ; ilustración Michael Rainaud |
| 260 ## - PUBLICACIÓN, DISTRIBUCIÓN, ETC. (PIE DE IMPRENTA) | |
| Lugar de publicación, distribución, etc | Belgique, Francia : |
| Nombre del editor, distribuidor, etc. | Hemma, |
| Fecha de publicación, distribución, etc | 19uu. |
| 300 ## - DESCRIPCIÓN FÍSICA | |
| Extensión | 16 p. : |
| Otros detalles físicos | il., |
| Dimensiones | 24 cm. |
| 490 1# - MENCIÓN DE SERIES | |
| Mención de serie | Promenons-nous |
| 830 #0 - ASIENTO SECUNDARIO DE SERIE--TÍTULO UNIFORME | |
| Título uniforme | Promenons-nous |
| 942 ## - ADDED ENTRY ELEMENTS (KOHA) | |
| Source of classification or shelving scheme | Dewey Decimal Classification |
| Koha item type | Libros |
| 956 ## - LOCAL ELECTRONIC LOCATION AND ACCESS (OCLC) | |
| Nombre de host | BTAVÁREZ |
| Número de acceso | 10 |
| Información de compresión | 20161109 |
| Trayectoria | 0011750 |
| Withdrawn status | Lost status | Source of classification or shelving scheme | Damaged status | Not for loan | Collection code | Home library | Current library | Date acquired | Total Checkouts | Full call number | Barcode | Date last seen | Price effective from | Koha item type |
|---|---|---|---|---|---|---|---|---|---|---|---|---|---|---|
| Dewey Decimal Classification | Colección Infantil General | Biblioteca Pública Metropolitana Salomé Ureña | Biblioteca Pública Metropolitana Salomé Ureña | 11/09/2016 | xxxxxxxxx xxxxxxxx | BPMSU16111136 | 11/09/2016 | 11/09/2016 | Libros |